00381nam a2200157Ia 4500003000400000005001700004008004100021020001500062040000600077041001200083082002700095100002000122245002800142260003800170300001500208OSt20250109164601.0231217s9999 xx 000 0 und d a0074632825 c0 aEnglish a001.6424PER MCM;2 R1 aMcMillan, Mike. 0aPerl from the ground up c1998bTata McGraw HillaNew Delhi axxiii, 520